1012 1520 1969 1303 1635 1070 1143 1502 1091 1284 1551 1840 1872 1210 1665 1144 1471 1302 1378 1305 1947 1714 1138 1546 1497 1142 1979 1008 1439 1688 1214 1782 1496 1125 1690 1887 1806 1726 1816 1173 1101 1360 1297 1931 1587 1841 1450 1487 1707 1820 1042 1032 1306 1792 1029 1434 1280 1212 1162 1314 1761 1551 1778 1157 1650 1881 1684 1540 1671 1111 1297 1833 1339 1155 1186 1251 1625 1157 1840 1887 1291 1182 1680 1965 1054 1051 1621 1931 1928 1461 1556 1060 1514 1583 1532 1844 1236 1799 1749 BCNSPRNW ULIB Ver.6.0+V

เปลี่ยนเป็นภาษาไทย

Change to English
 แสดงรายละเอียดบรรณานุกรม
  กลับหน้าหลัก

Brief Record : Get Marc (ISO 2709) : E-mail record : QR code < ปิดหน้าต่าง
LEADER : 00000nam 2200000uu 4500
001    13399121448
003     ULIB
008    121120s2549||||th 000 0 tha d
020    ^a9747155931
020    ^a9789747155938
090    ^aรส.^bอ964ส 2549
100 0  ^aโอปอล์ ประภาวดี
245 10 ^aสะพานไม้ :^bเรื่องราวจากบางร่างกายและจิตใจที่อาจไม่สมบูรณ์พร้อมแต่ยอมพลีกายถวายใจทอดตัวเป็นสะพานไม้ให้เพื่อนผู้พิการได้ก้าวข้าม /^cโอปอล์ ประภาวดี
250    ^aพิมพ์ครั้งที่ 1
260    ^aนนทบุรี :^bแผนงานสร้างเสริมสุขภาพคนพิการในสังคมไทย,^c2549
300    ^a143 หน้า :^bภาพประกอบสี ;^c19 ซม.
440  0 ^aสารคดีชุดประสบการณ์ชีวิตคนพิการ ;^vลำดับที่ 3
650  4 ^aคนพิการ^vรวมเรื่อง
653    ^aOpen Your Eyes Project
945    ^p0^l0^i24890
995    ^aกัณชพร
999 ^a กัณชพร
รายการนี้ยังไม่มีแท็ก
คุณยังไม่ได้ล็อกอิน คุณสามารถมีกิจกรรมร่วมกับเว็บไซต์ได้ แต่ต้องล็อกอินก่อน ::
  ล็อกอิน

รายการสื่อสารสนเทศ

ลำดับที่ ประเภท เลขเรียก/บาร์โค้ด สถานที่ สถานะ
1. นวนิยาย
นวนิยาย
รส. อ964ส 2549  
  Barcode: 24890
ห้องสมุดวิทยาเขตสวรรค์ประชารักษ์
►นวนิยาย
บนชั้น
  ขอยืม

รายการใกล้เคียง
    ผู้แต่ง [โอปอล์ ประภาวดี]

BibComment


ยังไม่เคยถูกคอมเมนท์

คอมเมนท์ทรัพยากรรายการนี้
  คอมเมนท์: สะพานไม้ เรื่อง..


 Copyright 2026. Bcnsprnw @Library